Responses for show #5221 - Monday, April 30, 2007

2007 College Championship quarterfinal game 1.
From the University of Southern California.

Contestants

Haritha Sudanagunta, a junior from University of California-San Diego

Dean Malec, a junior from Northwestern University

Alice Luo, a junior from Georgia Institute of Technology

Jeopardy! Round responses

WORKING FOR DADDY
TRAVELING ABROAD
FLIPPIN' BURGERS
HOW ABOUT MED SCHOOL?
OR "LAW" SCHOOL?
I'M GOING TO DISNEYLAND
    $200 21
a pharmacy (or drugstore)

Dean
    $200 1
London

Alice
    $200 16
Justice of the Supreme Court

Alice
    $200 11
pediatrics

Alice
    $200 3
a claw hammer

Alice
    $200 26
The Haunted Mansion

Haritha
    $400 22
trains (or locomotives)

Alice
    $400 2
Brazil

Dean
    $400 17
Calais

Alice
    $2,000 12
ibuprofen

Alice
    $400 5
cole slaw

Dean
    $400 27
Dumbo

Haritha
    $600 23
a reaper

Dean
    $600 4
Cape Town

Dean
    $600 18
the mayor

Dean
    $600 13
Johns Hopkins

Haritha
    $600 6
flawless

Alice
    $600 28
"It's A Small World"

Haritha
    $800 24
(William Randolph) Hearst

Alice
    $800 7
Kazakhstan

Alice
    $800 19
an electroencephalograph

Dean
    $800 14
a fruit fly

Dean
    $800 9
the St. Lawrence

Dean
    $800 29
Pirates of the Caribbean

Dean
    $1000 25
violins

Dean
    $1000 8
(Alex: [In the middle of the clue] That's tough to say!)

the Firth of Forth

Dean
    $1000 20
(Alex: And that's a musical from before your time: [*].)

Hair

Triple Stumper
    $1000 15
a neuron

Dean
    $1000 10
Malawi

Dean
    $1000 30
Splash Mountain

Haritha

Scores at the first commercial break (after clue 15):

Alice Dean Haritha
$4,000 $6,000 $600

Scores at the end of the Jeopardy! Round:

Alice Dean Haritha
$5,800 $10,000 $2,800

Double Jeopardy! Round responses

HISTORICAL FICTION
THE ROLES OF A LIFETIME
(Alex: You people have to identify the actor.)
OPERA 101
21st CENTURY QUOTATIONS
"E"COLLEGEY
INTRA-MURALS
    $400 1
gold

Dean
    $400 2
Johnny Depp

Dean
    $400 28
an overture

Dean
    $400 12
Tom Cruise

Dean
    $400 22
extracurricular activities

Dean
    $400 23
Da Vinci

Haritha
    $800 4
Dickens

Dean
    $800 3
Keanu Reeves

Alice
    $800 27
an aria

Alice
    $800 13
Schwarzenegger

Dean
    $800 21
an essay

Dean
    $800 30
(Haritha: What is Japan?)

China

AliceHaritha
    $1200 11
the Count of Monte Cristo

Haritha
    $1200 5
(Nicolas) "Nic" Cage

Haritha
    $1200 26
Porgy and Bess

Dean
    $1200 14
Elizabeth Edwards

Haritha
    $1200 20
engineering

Alice
    $1200 29
Ayatollah

Haritha
    $1600 10
Name of the Rose

Alice
    $1600 7
Eddie Murphy

Haritha
    $1600 25
Boris Godunov

Alice
    $1600 16
James Jeffords

Triple Stumper
    $1600 19
an entrance exam

Dean
    $1600 24
the Taj Mahal

Alice
    $3,000 9
(Pearl) Buck

Alice
    $2000 6
(Haritha: Who is Alec Guinness?)

Ewan McGregor

Haritha
Triple Stumper
    $2000 8
Twilight of the Gods (Gotterdammerung)

Alice
    $4,000 15
Ray Nagin

Haritha
    $2000 18
an endowment

Triple Stumper
    $2000 17
a scarab

Haritha

Scores at the end of the Double Jeopardy! Round:

Alice Dean Haritha
$19,200 $17,200 $12,800

Final Jeopardy! Round responses

STATES OF MEXICO
HarithaWhat is Baja California?
$1,200
DeanWhat is Baja California?
$7,800
AliceWhat is Baja?
$2,800
Baja California

Final scores:

Alice Dean Haritha
$16,400 $25,000 $14,000
2nd place: $5,000 if eliminated Automatic semifinalist 3rd place: $5,000 if eliminated

Game dynamics:

Coryat scores:

Alice Dean Haritha
$16,600 $17,200 $10,800
19 R
(including 2 DDs),
0 W
24 R,
0 W
13 R
(including 1 DD),
2 W

Combined Coryat: $44,600

The J! Archive is created by fans, for fans. The Jeopardy! game show and all elements thereof, including but not limited to copyright and trademark thereto, are the property of Jeopardy Productions, Inc. and are protected under law. This website is not affiliated with, sponsored by, or operated by Jeopardy Productions, Inc. Join the discussion at JBoard.tv.